| 000 | 00560nam a2200181Ia 4500 | ||
|---|---|---|---|
| 001 | 24402 | ||
| 005 | 20260414151040.0 | ||
| 008 | 260414t2005||||xx |||||||||||||| ||spa|| | ||
| 041 | _aESP | ||
| 082 |
_a343.6 _bC81 |
||
| 110 | _aGaceta Jurídica | ||
| 245 | 0 |
_aManual para funcionarios públicos y ciudadanos : _bla corrupción en el Perú: tratamiento de la corrupción y de la transparencia: manifestaciones y mecanismos de control |
|
| 260 | _c2005 | ||
| 300 |
_a177 páginas : _c21 cm. |
||
| 650 | _aDER | ||
| 654 | _aCDE | ||
| 942 |
_cLIB _dJUS _fJUS _2ddc _n |
||
| 999 |
_c24402 _d24402 |
||